| 000 | 00000nam 2200000zi 4500 |
| 001 | 9.937315 |
| 003 | CaOODSP |
| 005 | 20251029125058 |
| 006 | m o d f |
| 007 | cr |n||||||||| |
| 008 | 240422e20240228oncd ob f|0| 0 fre d |
| 040 | |aCaOODSP|bfre|erda|cCaOODSP |
| 043 | |an-cn--- |
| 086 | 1 |aYN5-244/2024F-PDF |
| 245 | 00|aDépenses en capital prévues au titre de la politique de défense du Canada : |bmise à jour de 2024. |
| 264 | 1|a[Ottawa] : |bBureau du directeur parlementaire du budget = Office of the Parliamentary Budget Officer, |c28 février 2024. |
| 264 | 4|c©2024 |
| 300 | |a1 ressource en ligne (13 pages) : |bgraphiques |
| 336 | |atexte|btxt|2rdacontent/fre |
| 337 | |ainformatique|bc|2rdamedia/fre |
| 338 | |aressource en ligne|bcr|2rdacarrier/fre |
| 500 | |aPublié aussi en anglais sous le titre : Planned capital spending under Canada’s defence policy: 2024 update. |
| 504 | |aComprend des références bibliographiques (pages 12-13). |
| 610 | 16|aCanada. |bMinistère de la défense nationale|xCrédits budgétaires et dépenses. |
| 710 | 1 |aCanada. |bBureau du Directeur parlementaire du budget, |eorganisme de publication. |
| 775 | 08|tPlanned capital spending under Canada's defence policy : |w(CaOODSP)9.936056 |
| 794 | |tDépenses en capital prévues au titre de la politique de défense du Canada : |w(CaOODSP)9.956850 |
| 856 | 40|qPDF|s1.18 Mo|uhttps://publications.gc.ca/collections/collection_2024/dpb-pbo/YN5-244-2024-fra.pdf |